00896 a2200229 4500010001400000020001100014035001300025037001800038082000800056090001500064100001700079245014500096250001700241260004400258270012200302300002600424700002200450700002400472942002300496999001500519952013200534 aENG-85669 c150.00 aEN-69202 bD.B.Act / Pub14a657 c3392d33921 aReddy, P. N.1 aFundamentals of accountingbfor first semester, First year BBM, Banglore Universtycby P. N. Reddy, H. R. Appannaiah, and R. Srinivasa Putty a3rd rev. ed. aMumbaibHimalaya Publishing Housec2006 a"Ramdoot", Dr. Bhalerao Marg, GirgaonbMumbaie400 004k022-23860170, 022-23863863l022-23877178mhimpub@vsnl.net.in a551 p.c22 cm ( Pbk.)1 aAppannaiah, H. R.1 aSrinivasa Putty, R. adplcENk657 / RED c3325d3325 00102ddc40718NFICaDBADbDBADeDBAD/PUBg150.00l0o657 REDpEN-69202r2008-09-15 00:00:00t1u3543v150.00w2008-09-15yEN